Multiple Choice City Quiz – Ajaccio - Statistics

General Stats
  • This quiz has been taken 6 times
    5 since last reset
  • The average score is 7 of 10
Answer Stats
Question Answer % Correct
What is the average high temperature in Ajaccio in July? 84° F or 29° C
100%
What country is closest to Ajaccio? Italy
100%
What sea is Corsica in? Mediterranean
100%
What island is Ajaccio the capital of? Corsica
75%
Who founded Ajaccio? Genoese
75%
Which famous historical figure was born in Ajaccio? Napoleon Bonaparte
75%
What is the approximate population of Ajaccio? 75,300
50%
Which pronunciation is the correct Corsican pronunciation? ah-YATCH-oh
50%
Who is Ajaccio named after? Ajax
50%
When was Ajaccio founded? 1492
25%
No matching quizzes found
Score Distribution
Percent of People with Each Score
Percentile by Number Answered
Your Score History
You have not taken this quiz since the last reset